Kapitálový trh Achillovou pätou úspešnosti ekonomiky SR

Vývoj vybraných makroekonomických ukazovateľov SR. Ukazovatele menového vývoja SR. Vývoj akciového indexu Sevis 100. Prehľad objemu obchodov na BCPB, BOB a RMS od januára 1995 do augusta 1995. Prehľad vybraných najobchodovanejších akcií v júli 1995.

Salvato in:
Dettagli Bibliografici
Natura: Capitolo di libro
Lingua:slovacco
Soggetti:
Tags: Aggiungi Tag
Nessun Tag, puoi essere il primo ad aggiungerne!!

MARC

LEADER 00000naa a2200000 4500
001 r018853
005 20221205101846.8
041 0 |a slo 
044 |a SK 
245 1 0 |a Kapitálový trh Achillovou pätou úspešnosti ekonomiky SR 
520 |a Vývoj vybraných makroekonomických ukazovateľov SR. Ukazovatele menového vývoja SR. Vývoj akciového indexu Sevis 100. Prehľad objemu obchodov na BCPB, BOB a RMS od januára 1995 do augusta 1995. Prehľad vybraných najobchodovanejších akcií v júli 1995. 
610 2 0 |a Slovensko 
610 2 0 |a 1994 
610 2 0 |a 1995 
610 2 0 |a makroekonomika 
610 2 0 |a trh kapitálový 
610 2 0 |a vývoj menový 
610 2 0 |a obchody burzové 
610 2 0 |a ukazovatele ekonomické